000 00814nam a2200265 a 4500
001 975
003 BR-CuiBMT
005 20231128214650.0
008 231124s2010 spbab 001 0 por d
020 _a9788502078307
040 _aBR-CuiBMT
_cBR-CuiBMT
080 _22007
_a341.1
090 _a341.1
_bR467d
_c12. ed.
100 1 _aRezek, José Francisco,
_d1944-
245 1 0 _aDireito internacional público :
_bcurso elementar /
_cFrancisco Rezek.
250 _a12. ed., rev. e atual.
260 _aSão Paulo :
_bSaraiva,
_c2010.
300 _a429 p. :
_bil. ;
_c23 cm
504 _aInclui bibliografia e índice.
650 _aDireito internacional público
650 _aConflitos internacionais
650 _aRelações exteriores
_xTratados
650 _aRelações exteriores
_xNormas
942 _2udc
_cLV
999 _c975
_d975